Understanding molecular simulation : from algorithms to applications /

Gespeichert in:
Bibliographische Detailangaben
1. Verfasser: Frenkel, Daan, 1948-
Weitere Verfasser: Smit, Berend, 1962-
Format: Buch
Sprache:Englisch
Veröffentlicht: San Diego : Academic Press, c2023.
Ausgabe:3rd ed.
Schriftenreihe:Computational science (San Diego, Calif.)
Schlagworte:
Online-Zugang:Publisher description
Im OPAC anzeigen
Tags: Tag hinzufügen
Keine Tags, Fügen Sie das erste Tag hinzu!

MARC

LEADER 00000cam a2200000 a 4500
001 12418572
003 SK-BrSCK
005 20260127134426.0
008 010523s2023 caua b 001 0 eng
010 |a  2001091477 
022 |2 9780323902922 
040 |a DLC  |c DLC  |d DLC  |d SK-BrSCK 
082 0 0 |a 539/.6/0113  |2 21 
100 1 |a Frenkel, Daan,  |d 1948- 
245 1 0 |a Understanding molecular simulation :  |b from algorithms to applications /  |c Daan Frenkel, Berend Smit. 
250 |a 3rd ed. 
260 |a San Diego :  |b Academic Press,  |c c2023. 
300 |a xxii, 728 p. :  |b ill. ;  |c 23 cm. 
504 |a Includes bibliographical references (p. 657-694) and index. 
650 0 |a Intermolecular forces  |x Computer simulation. 
650 0 |a Molecules  |x Mathematical models. 
700 1 |a Smit, Berend,  |d 1962- 
830 0 |a Computational science (San Diego, Calif.) 
856 4 2 |3 Publisher description  |u http://www.loc.gov/catdir/description/els031/2001091477.html 
906 |a 7  |b cbc  |c orignew  |d 2  |e epcn  |f 20  |g y-gencatlg 
942 |2 udc  |c 14 
999 |c 12490  |d 12490